ბათუმის შოთა რუსთაველის სახელმწიფო უნივერსიტეტის ბიბლიოთეკა

ქართული ფოლადი (ბიბ.ჩანაწერი № 41908)

000 -LEADER
fixed length control field 00723nam a2200229Ia 4500
001 - CONTROL NUMBER
control field 8592
003 - CONTROL NUMBER IDENTIFIER
control field GE_BSU
008 - FIXED-LENGTH DATA ELEMENTS--GENERAL INFORMATION
fixed length control field 181216s||||||||xx |||||||||||||| ||und||
040 ## - CATALOGING SOURCE
Transcribing agency GE_BSU
080 ## - UNIVERSAL DECIMAL CLASSIFICATION NUMBER
Universal Decimal Classification number 821.353.1-31
100 ## - MAIN ENTRY--PERSONAL NAME
Personal name თავაძე, სოლომონ
245 ## - TITLE STATEMENT
Title ქართული ფოლადი
245 ## - TITLE STATEMENT
Remainder of title რომანი
245 ## - TITLE STATEMENT
Statement of responsibility, etc. რედ.: თ. შავიშვილი, მხატვ.: დ. ქუთათელაძე
260 ## - PUBLICATION, DISTRIBUTION, ETC.
Place of publication, distribution, etc. თბილისი.
260 ## - PUBLICATION, DISTRIBUTION, ETC.
Name of publisher, distributor, etc. საბჭ. მწერალი
260 ## - PUBLICATION, DISTRIBUTION, ETC.
Date of publication, distribution, etc. 1953
300 ## - PHYSICAL DESCRIPTION
Extent 416 გვ. 21 სმ
653 ## - INDEX TERM--UNCONTROLLED
Uncontrolled term რომანი
653 ## - INDEX TERM--UNCONTROLLED
Uncontrolled term ქართული ფოლადი
942 ## - ADDED ENTRY ELEMENTS (KOHA)
Koha item type წიგნი
ეგზემპლარები
Withdrawn status Lost status Damaged status Not for loan Date acquired Barcode Date last seen Price effective from Koha item type
        2018-12-17 30978 2018-12-17 2018-12-17 წიგნი
        2018-12-17 30979 2018-12-17 2018-12-17 წიგნი
        2018-12-17 30980 2018-12-17 2018-12-17 წიგნი
        2018-12-17 30981 2018-12-17 2018-12-17 წიგნი
        2018-12-17 30982 2018-12-17 2018-12-17 წიგნი
        2018-12-17 30983 2018-12-17 2018-12-17 წიგნი